Movies Quiz

Random Movies or Blitz Quiz

Tom Hanks (A-Z) Quiz Stats

 Plays Quiz Updated Jun 19, 2019

Score 0/19 Timer 03:00
3 Plays Today
Letter Movie % Correct
SSaving Mr. Banks, Saving Private Ryan, Sleepless in Seattle, Splash, Sully
86.7%
CCaptain Phillips, Cast Away, Catch Me If You Can, Charlie Wilson's War, Cloud Atlas, The Circle
86.3%
BBachelor Party, Big, The Bonfire of the Vanities, The 'Burbs, Bridge of Spies
83.3%
FForrest Gump
82.3%
TThe Terminal, Toy Story 1-3, That Thing You Do, Turner and Hooch
80.9%
PPhiladelphia, The Polar Express, Punchline, The Post
68.4%
YYou've Got Mail
61.5%
AA Hologram for the King, Angels and Demons, Apollo 13
57.6%
DThe Da Vinci Code, Dragnet
52.2%
LThe Ladykillers, Larry Crowne, A League of Their Own
40.7%
Letter Movie % Correct
JJoe Versus the Volcano
36.3%
GThe Great Buck Howard, The Green Mile
34.3%
RRoad to Perdition
33.8%
MThe Man with One Red Shoe, The Money Pit, Mark Felt
26.1%
IIthaca, Inferno
15.6%
VVolunteers
7.9%
EEvery Time We Say Goodbye, Extremely Loud & Incredibly Close
7.3%
NNothing in Common
4%
HHe Knows You're Alone
1.9%

You're not logged in!

Compare scores with friends on all Sporcle quizzes.
OR
Log In

Show Comments

Extras

Top Quizzes Today


Score Distribution

Your Account Isn't Verified!

In order to create a playlist on Sporcle, you need to verify the email address you used during registration. Go to your Sporcle Settings to finish the process.

Report this User

Report this user for behavior that violates our Community Guidelines.

Details: